Учебная практика по развитию цифровых компетенций (профиль Экономика, основанная на данных) / ДО 2021 (38.03.01): электронный курс
| Autore principale: | |
|---|---|
| Ente Autore: | |
| Riassunto: | Заглавие с экрана Основной целью практики является развитие цифровых компетенций у студентов - экономистов. Практика реализуется для студентов бакалавриата после 4 семестра обучения. Практика направлена на формирование таких компетенций, как: способность осуществлять поиск, критический анализ и синтез информации, применять системный подход для решения поставленных задач; способность осуществлять сбор, обработку и статистический анализ данных, необходимых для решения поставленных экономических задач; способность использовать современные информационные технологии и программные средства при решении профессиональных задач. Особое внимание уделяется формированию навыков работы с программными продуктами, альтернативными продуктам Windows. Интерактивный мультимедиа ресурс AM_Login_TPU |
| Lingua: | russo |
| Pubblicazione: |
Томск, TPU Moodle, 2023
|
| Soggetti: | |
| Accesso online: | https://design.lms.tpu.ru/course/view.php?id=4547 |
| Natura: | MixedMaterials Elettronico Libro |
| KOHA link: | https://koha.lib.tpu.ru/cgi-bin/koha/opac-detail.pl?biblionumber=670732 |
MARC
| LEADER | 00000nlm0a2200000 4500 | ||
|---|---|---|---|
| 001 | 670732 | ||
| 005 | 20240222105836.0 | ||
| 090 | |a 670732 | ||
| 100 | |a 20240215d2023 m||y0rusy50 ca | ||
| 101 | 0 | |a rus | |
| 102 | |a RU | ||
| 105 | |a a j 000yy | ||
| 135 | |a jrcn ---uucaa | ||
| 181 | 0 | |a i |b e | |
| 182 | 0 | |a b | |
| 183 | 0 | |a cr |2 RDAcarrier | |
| 200 | 1 | |a Учебная практика по развитию цифровых компетенций (профиль Экономика, основанная на данных) / ДО 2021 (38.03.01) |e электронный курс |f О. С. Селевич |g Национальный исследовательский Томский политехнический университет, Школа инженерного предпринимательства | |
| 203 | |a Текст |c электронный |b визуальный | ||
| 210 | |a Томск |c TPU Moodle |d 2023 | ||
| 283 | |a online_resource |2 RDAcarrier | ||
| 300 | |a Заглавие с экрана | ||
| 330 | |a Основной целью практики является развитие цифровых компетенций у студентов - экономистов. Практика реализуется для студентов бакалавриата после 4 семестра обучения. Практика направлена на формирование таких компетенций, как: способность осуществлять поиск, критический анализ и синтез информации, применять системный подход для решения поставленных задач; способность осуществлять сбор, обработку и статистический анализ данных, необходимых для решения поставленных экономических задач; способность использовать современные информационные технологии и программные средства при решении профессиональных задач. Особое внимание уделяется формированию навыков работы с программными продуктами, альтернативными продуктам Windows. | ||
| 336 | |a Интерактивный мультимедиа ресурс | ||
| 371 | |a AM_Login_TPU | ||
| 606 | 1 | |a Информационные технологии |x Вычислительная техника |9 57667 | |
| 610 | 1 | |a электронный ресурс | |
| 610 | 1 | |a труды учёных ТПУ | |
| 610 | 1 | |a электронное обучение | |
| 610 | 1 | |a кампусные онлайн-курсы | |
| 610 | 1 | |a дистанционное образование | |
| 610 | 1 | |a дистанционное обучение | |
| 610 | 1 | |a e-learning | |
| 610 | 1 | |a Moodle | |
| 610 | 1 | |a цифровая гигиена | |
| 675 | |a 004(07) |v 4 |z rus | ||
| 700 | 1 | |a Селевич |b О. С. |c экономист |c доцент Томского политехнического университета, кандидат экономических наук |f 1977- |g Ольга Семеновна |9 11383 | |
| 712 | 0 | 2 | |a Национальный исследовательский Томский политехнический университет |b Школа инженерного предпринимательства |c (2017- 2023) |9 28341 |
| 801 | 0 | |a RU |b 63413507 |c 20240215 |g RCR | |
| 856 | 4 | |u https://design.lms.tpu.ru/course/view.php?id=4547 |z https://design.lms.tpu.ru/course/view.php?id=4547 | |
| 942 | |c CF | ||